| 000 | 01065cam a22003137a 4500 | ||
|---|---|---|---|
| 003 | CHAP | ||
| 005 | 20220329134957.0 | ||
| 008 | 971013s r 00010 d | ||
| 010 | _a28957 | ||
| 011 | _a29929 | ||
| 035 | _a34040 | ||
| 040 | _cCHAP | ||
| 090 | _aFolleto 6768y | ||
| 100 | 0 | 0 |
_aLeibholz, Jane. _965888 |
| 245 | 1 | 3 | _aLa alimentación y el manejo del becerro rumiante |
| 260 |
_a(s.l. : _bs.e.), _c(s.a.) |
||
| 300 | _a15 h. | ||
| 500 | _aPonencia presentada en: Seminario Internacional de Ganadería Tropical. Acapulco, Gro., 1976. | ||
| 590 |
_aBATCH-UPD _b10 _c20130110 _lUCH01 _h0325 |
||
| 590 |
_aBATCH-UPD _b10 _c20130110 _lUCH01 _h1921 |
||
| 590 |
_aBATCH-UPD _b10 _c20130409 _lUCH01 _h2358 |
||
| 590 |
_aBATCH-UPD _b10 _c20130914 _lUCH01 _h0551 |
||
| 590 |
_aCONVERSION _b10 _c20130109 _lUCH01 _h1317 |
||
| 650 | 1 | 4 |
_aBecerros _xAlimentación. _911172 |
| 711 | 0 |
_aSeminario Internacional de Ganadería Tropical _d(1976 _c: Acapulco, Gro.) _9104125 |
|
| 901 | _aBK | ||
| 942 | _cFOLL | ||
| 949 |
_aFolleto 6768y _bBC _cFOLL _d-78922 _eTS1 _i34040 _mD _si |
||
| 999 |
_c28957 _d28957 |
||